| 000 | 02405 a2200217 4500 | ||
|---|---|---|---|
| 001 | 46852 | ||
| 005 | 20260407155738.0 | ||
| 008 | 260407a1976 arg spa d | ||
| 003 | AR-UNSa-BCEJYS | ||
| 040 |
_aAR-UNSa-BCEJYS _bspa _cAR-UNSa-BCEJYS |
||
| 080 |
_a342 _xDerecho constitucional (Derecho Público) |
||
| 245 | 1 | 0 | _aInstituciones de Derecho Público |
| 250 | _a2a. ed. | ||
| 264 | 1 |
_aBuenos Aires : _bEl Coloquio _c1976 |
|
| 300 |
_a718 p. _c22 cm. |
||
| 505 | _a1. El Estado - 2. Formas de Estado y Forma de Gobierno - 3. La Constitución - 4. Antecedentes constitucionales argentinos - 5. La Constitución Argentina - 6. La forma de gobierno : El régimen representativo republicano - 7. Organización federal argentina - 8. Religión y Estado - 9. Régimen municipal - 10. Residencia de las autoridades nacionales - 11. Ciudadanía, nacionalización, régimen constitucional de los extranjeros y expulsión de éstos - 12. Relaciones internacionales y tratados - 13. Defensa de la patria y fuerzas armadas - 14. La reforma constitucional - 15. Los poderes del Estado I - 16. Los poderes del Estado II - 17. Los poderes del Estado III - 18. Los poderes del Estado IV - 19. Los poderes del Estado V - 20.Los poderes del Estado VI - 21. Los poderes del Estado VII - 22. Derechos civiles - 23. Garantías de la libertad y seguridad individuales. El Habeas Corpus y el amparo - 24. Irretroactividad de la Ley Penal - 25. La igualdad - 26. Suspensíon de las garantías individuales - 27. El estado y la actividad económica - 28. La prioridad - 29. Otras limitaciones a la propiedad - 30. La igualdad en el orden económico y los derechos sociales - 31. La unidad económica territorial y el tesoro nacional - 32. El Tesoro Nacional - 33. Los poderes económicos del congreso - 34. El derecho administrativo - 35. Los actos administrativos - 36. La organización administrativa - 37. Agentes de la administración pública - 38. Servicios públicos - 39. Contratos administrativos - 40. El poder de policìa en el derecho administrativo - 41. Patrimonio del estado - 42. La administración y la justicia - 43. La responsabilidad del Estado - 44. El Estado y las empresas - 45. La planificación económica por órganos administrativos - 46. Procedimientos Administrativos. | ||
| 041 | _aspa | ||
| 942 | _cBK | ||
| 590 | _aniveau_biblio:m niveau_hierar:0 | ||
| 100 | 1 | _aLozada, Salvador María | |
| 999 |
_c4252 _d4252 |
||